| 000 | 00357nam a2200109Ia 4500 | ||
|---|---|---|---|
| 008 | 171211s9999 xx 000 0 und d | ||
| 245 | _aDBT-Informed Art Therapy: Mindfulness, Cognitive Behavior Therapy, and the Creative Process | ||
| 245 | _cSusan M. Clark | ||
| 260 | _c2016 | ||
| 650 | _xPSYCHOLOGY | ||
| 856 | _uhttp://down.ebook777.com/062/1849057338.pdf | ||
| 999 |
_c349273 _d349273 |
||